000 00284nam a2200109Ia 4500
008 200302s9999 xx 000 0 und d
100 _aPeter Cook & Other
245 _aNew Spirit in Architecture
260 _bRizzoli Intrenational Publication Inc.
260 _c1936
300 _a203 P.,
999 _c5438
_d5438